Riconosci lo Stadio - Europa - Quiz n°4 - Statistics

Statistiche generali
  • Questo quiz è stato fatto 22 volte
  • Il punteggio medio è 4 su 10
Statistiche sulle risposte
con Immagini Risposta % Corretto
Estadio Santiago Bernabeu - Madrid
95%
Parco dei Principi - Parigi
90%
Westfalenstadion - Dortmund
75%
Stadio Friuli - Udine
70%
Stadio di San Mamés - Bilbao
50%
Stade Louis II - Monaco
20%
Ibrox Stadium - Glasgow
15%
Croke Park - Dublino
5%
Stadio Apostolos Nikolaidis - Atene
5%
Stadio municipale di Poljud - Spalato
5%
Nessun quiz corrispondente trovato
Distribuzione punteggi
Percentuale di utenti per punteggio
Percentile per numero di risposta
I tuoi punteggi nel tempo
Non hai fatto questo quiz